000 00340nam a22001217a 4500
008 230620b xxu||||| |||| 00| 0 eng d
082 _a323.4
_bUN
110 _bUNESCO
_d1993
245 _athe International Congress on Education for Human Rights and Democracy
260 _aMontreal, Canada
_bUNESCO
_c1993
300 _a33p
942 _2ddc
_cBK
999 _c1869
_d1869